The history of photography : from the camera obscura to the beginning of the modern era /

Bibliographic Details
Main Author: Gernsheim, Helmut, 1913-1995
Other Authors: Gernsheim, Alison
Format: Book
Language:English
Published: New York : McGraw-Hill, [1969]
Edition:[2d ed.].
Subjects:

MARC

Tag First Indicator Second Indicator Subfields
LEADER 00000cam a2200000 4500
001 in00000094749
005 20150927110536.0
008 700202s1969 nyuach b 00110 eng
010 |a  69018726  
035 |a (OCoLC)00055185 
035 |9 AAL6622AM 
037 |c 22.95 
040 |a DLC  |c DLC  |d TXA  |d UtOrBLW 
049 |a TXAM  |c [1121747] 
050 0 0 |a TR15  |b .G37 1969 
082 0 |a 770/.9 
100 1 |a Gernsheim, Helmut,  |d 1913-1995. 
245 1 4 |a The history of photography :  |b from the camera obscura to the beginning of the modern era /  |c [by] Helmut Gernsheim, in collaboration with Alison Gernsheim. 
250 |a [2d ed.]. 
264 1 |a New York :  |b McGraw-Hill,  |c [1969] 
300 |a 599 pages :  |b illustrations, facsimiles, portraits ;  |c 31 cm. 
336 |a text  |b txt  |2 rdacontent 
337 |a unmediated  |b n  |2 rdamedia 
338 |a volume  |b nc  |2 rdacarrier 
500 |a First edition published in 1955 under title: The history of photography from the earliest use of the camera obscura in the eleventh century up to 1914. 
504 |a Bibliography: pages [580]-581. 
650 0 |a Photography  |x History. 
700 1 |a Gernsheim, Alison. 
999 |a MARS 
999 f f |s 165f9bd1-1216-39a0-8c15-9259c62b45b9  |i c5916b4a-e46a-3ed5-91c3-65168cf0a3f5  |t 0 
952 f f |p normal  |a Texas A&M University  |b College Station  |c Sterling C. Evans Library  |d Evans: Library Stacks  |t 0  |e TR15 .G37 1969  |h Library of Congress classification  |i unmediated -- volume  |m A14805621882 
998 f f |a TR15 .G37 1969  |t 0  |l Evans: Library Stacks